00550nam a2200181 a 45000010010000000030011000100080041000210350026000620820014000881000023001022450045001252600039001706500021002099420012002309520091002429980020003339990015003530000-8555ELIB.Books110520 1983  a(ELIB.Books)0000-8701 a241 bOgl aOgleree, Thomas W. aThe Use of the Bible in Christian Ethics bPhiladelphia Fortress Press c1983 aChristian Ethics 2ddccBK 00102ddc4070aKBTSbKBTSd2011-05-20l0p12480r2022-01-22 00:00:00w2022-01-22yBK cbate2011-05-20 c8555d8555